000
00254 a2200097 4500
001
52596
100
_a
Howes M J
245
_a
Reliability and Degradation (Semiconductor Devices & Circuits)
260
_a
New York
_b
John Wiley
_c
090
_c
33083
_d
33083
942
_a
NUST-CAE
_c
M
_c
25651
999
_c
287669
_d
287669